000 00687nam a2200229 a 4500
001 BRCA_5272
005 20190320205018.0
008 011210s1950----nyua######---#000-0#eng-#
041 _aeng
044 _anyu
050 4 _aTP808
_b.J36 1950
100 1 _aJaneway, Carol
_913505
245 1 0 _aCeramics and Pottery Making for Everyone
_cby Carol Janeway ; preface by Hensleigh Wedgwood.
260 _aNueva York
_bTudor
_c1950
300 _a126 p.
_bil.
_c29 cm.
500 _aIncluye glosario e índice alfabético
500 _aDonación Dr. Héctor Rivero Borrell Vázquez
650 1 4 _aCerámica
_91200
700 1 _aWedgwood, Hensleigh
_913506
902 _aDHR
942 _2lcc
_cB
999 _c4966
_d4966